000 00889nam a2200253 a 4500
001 BRCA_4826
005 20190320204825.0
008 131010s1935----mx-#######---#000-0#spa-#
041 _aspa
044 _amx
050 4 _aKF1266
_b.T73 1935
100 1 _aTrautvetter, A.
_912231
245 1 0 _aEl caso de A. Wagner y Levien Sucs., S. en C.
_cA. Trautvetter ; M. Adriansen ; H. Borgmann.
260 _aMéxico
_bImprenta Mundial
_c1935
300 _a29 p.
_c17 cm.
500 _aExposición de los hechos que hacen los liquidadores de esa Sociedad a las HH. Cámaras de Comercio de la Ciudad de México y Alemania, en interés del comercio en general
500 _aCFG77
650 1 4 _aBolsa de valores
_zMéxico
_911442
650 1 4 _aEspeculaciones comerciales
_zMéxico
_912232
700 1 _aAdriansen, M.
_912233
700 1 _aBorgmann, H.
_912234
902 _aGFM
942 _2lcc
_cB
999 _c4522
_d4522